01230nam a2200289 a 4500003000900000005001700009008004100026020001800067040001300085110007500098245006100173250001200234260010300246300002700349500012000376500004300496500005800539500005400597650001600651650002900667650002700696650003200723653002300755653002500778653002300803711011400826AR-BaBNM20251128204032.0082120s2002 ||||||||||||||000 | spa|| a950-43-0309-9 cAR-BaBNM2 aUniversidad del Norte Santo Tomás de Aquino, Católica de Tucumán00aSimposio internacional sobre informática y educación a1ª ed. aBuenos AiresbUniversidad del Norte Santo Tomás de Aquino Católica de TucumánbEstradac1985 a341 p.btablas, diagr. aContiene ponencias sobre la relación entre informática y educación en los distintos niveles de la enseñanza aIILA: Instituto Italo Latino Americano aIBI: Oficina Intergubernamental para la Informática aI.C.I.: Instituto de Cooperación Iberoamericana 4aINFORMATICA 4aLENGUAJES DE COMPUTACION 4aPROGRAMAS INFORMATICOS 4aENSEÑANZA POR COMPUTADORA aEDUCACION PRIMARIA aEDUCACION SECUNDARIA aEDUCACION SUPERIOR2 aSimposio internacional sobre informática y educacióncSan Miguel de Tucumán, Argentinadabr.-mayod1984